Africa Lyrics - Statistics

General Stats
  • This quiz has been taken 93 times
  • The average score is 22 of 27
Answer Stats
% Correct
There's nothing that a _______ men or more could ever do hundred
91%
I bless the _____ down in Africa rains
91%
Gonna take some ____ to do the things we never had time
91%
"Hurry boy, it's ______' there for you." waitin
91%
It's gonna take a lot to drag me ____ from you away
90%
I hear the drums echoin' _______ tonight
90%
I stopped an old man along the ___ way
90%
There's nothing that a hundred men or more could ____ do ever
89%
He turned to me as if to ___ say
89%
I seek to cure what's deep ______ inside
85%
I _____ the rains down in Africa bless
84%
There's nothing that a hundred men or more could ever __ do
84%
Gonna take some time to do the things we _____ had never
84%
I know that I must do what's _____ right
84%
It's gonna take a lot to drag me away from ___ you
84%
I bless the rains down in ______ Africa
82%
The wild dogs cry out in the _____ night
82%
Frightened of this thing that I've ______ become
81%
It's gonna take a lot to ____ me away from you drag
80%
but she hears only whispers of some quiet ____________. conversation
76%
Gonna take some time to do the things we never ___ had
76%
her moonlit wings reflect the stars that guide me towards _________. salvation
76%
She's comin' in 12;30 ______ flight
75%
"Hurry boy, _____ waitin' there for you." she's
72%
As they grow restless longing for some solitary _______ company
71%
hopin' to find some old forgotten words or ancient ________. melodies
62%
As sure as Kilamanjaro rises like Olympus above the _________ Serengeti
54%
No matching quizzes found
Score Distribution
Percent of People with Each Score
Percentile by Number Answered
Your Score History
You have not taken this quiz